KOHA-Header-6

ACCA-PERFORMANCE MANAGEMENT (Record no. 12345)

000 -LEADER
fixed length control field 00276nam a22001217a 4500
020 ## - INTERNATIONAL STANDARD BOOK NUMBER
ISBN 9781787403970
082 ## - DEWEY DECIMAL CLASSIFICATION NUMBER
Classification number 657
100 ## - MAIN ENTRY--AUTHOR NAME
Personal name ACCA-British Library
245 ## - TITLE STATEMENT
Title ACCA-PERFORMANCE MANAGEMENT
260 ## - PUBLICATION, DISTRIBUTION, ETC. (IMPRINT)
Place of publication UK
Name of publisher Kaplan Publishing
Year of publication 2019
300 ## - PHYSICAL DESCRIPTION
Number of Pages 491 pages.
942 ## - ADDED ENTRY ELEMENTS (KOHA)
Koha item type Books
Holdings
Withdrawn status Lost status Collection code Permanent Location Current Location Shelving location Date acquired Full call number Accession Number Koha item type
      MAJU MAJU   2020-03-11 657 9320 Accounting

Powered by Koha